00825nam a2200217 a 4500008004100000020001800041050001800059100002200077245009700099260002800196300002000224350000900244500001900253650001800272650003700290650001000327650001000337995010900347999001700456952013400473100121s2007 ||||||||||||||||| || u a9780240520322 aTK 7881.4 Cas aCase, Alexander U10aSound FX: unlocking the creative potential of recording studio effectscBy Alexander U. Case aOxford:bElsevierc2007 axx, 412p.: ill. a0.00 aIncludes Index aSOUND STUDIOS aSOUND--RECORDING AND REPRODUCING aSOUND aMUSIC D0.00FCBU-MAIN LIBRARY (Kitwe)H1I0.00M1UAVAILABLEWMar 10, 2010ZMain Library Open Access Collection c57953d57953 00102lcc4070a001b001cMain Library Open Access Collectiond2022-11-30l0oTK 7881.4 Casp740936r2022-11-30w2022-11-30y002